[Event "POR-ch Seniors"]
[Site "Lisbon"]
[Date "2007.03.30"]
[Round "6"]
[White "Cordovil, Joao Maria"]
[Black "Vasques, Jose Claudio de Sou"]
[Result "1-0"]
[WhiteElo "2219"]
[BlackElo "1915"]
[PlyCount "59"]
[EventDate "2007.03.25"]
[EventType "swiss"]
[EventRounds "7"]
[EventCountry "POR"]
[SourceTitle "EXT 2018"]
[Source "ChessBase"]
[SourceDate "2017.10.13"]
[SourceVersion "1"]
[SourceVersionDate "2017.10.13"]
[SourceQuality "1"]

1. e4 c5 2. Nf3 d6 3. d4 cxd4 4. Nxd4 Nf6 5. Nc3 a6 6. Bc4 e6 7. Bb3 Be7 8. Be3 Qc7 9. g4 h6 10. Qe2 b5 11. f3 Nc6 12. Nxc6 Qxc6 13. 0-0-0 Bb7 14. h4 Nd7 15. g5 hxg5 16. hxg5 0-0-0 17. g6 fxg6 18. Rxh8 Rxh8 19. Bxe6 Kb8 20. Nd5 Bd8 21. Nf4 Nb6 22. Nxg6 Rh5 23. Bg4 Rh7 24. Bf5 Rh5 25. Ne5 dxe5 26. Rxd8+ Ka7 27. Qd1 Rxf5 28. exf5 Qxf3 29. Qxf3 Bxf3 30. Rd6 1-0

[Event "POR-ch Seniors"]
[Site "Lisbon"]
[Date "2007.03.28"]
[Round "4"]
[White "Vasques, Jose Claudio de Sou"]
[Black "Lopes, Carlos Correia"]
[Result "1/2-1/2"]
[WhiteElo "1915"]
[BlackElo "2007"]
[PlyCount "106"]
[EventDate "2007.03.25"]
[EventType "swiss"]
[EventRounds "7"]
[EventCountry "POR"]
[SourceTitle "EXT 2018"]
[Source "ChessBase"]
[SourceDate "2017.10.13"]
[SourceVersion "1"]
[SourceVersionDate "2017.10.13"]
[SourceQuality "1"]

1. d4 f5 2. Nf3 Nf6 3. c4 e6 4. Nc3 d5 5. cxd5 exd5 6. Bg5 c6 7. e3 Bd6 8. Ne5 0-0 9. Bd3 Qe8 10. Bxf6 Rxf6 11. f4 Nd7 12. Qf3 Rf8 13. 0-0-0 Bb4 14. Ne2 Qd8 15. a3 Nxe5 16. fxe5 Be7 17. Kb1 b5 18. Rc1 Bd7 19. Bc2 a5 20. Nf4 Qb6 21. Bb3 Kh8 22. e6 a4 23. Nxd5 cxd5 24. Bxd5 Bxe6 25. Bxa8 b4 26. Qb7 Qxb7 27. Bxb7 bxa3 28. d5 Bg8 29. Rc7 Bd6 30. Rc8 Rf7 31. Bc6 axb2 32. Kxb2 a3+ 33. Ka2 Re7 34. Rd8 Bc5 35. Re1 Re4 36. Re2 f4 37. Bb5 fxe3 38. Rc2 Be7 39. Rd7 g6 40. Be2 Kg7 41. Bf3 Re5 42. h3 Kf8 43. Ra7 Bxd5+ 44. Bxd5 Rxd5 45. Rc8+ Kf7 46. Rc1 e2 47. Re1 Re5 48. Rc7 Ke6 49. Rc2 Kf5 50. Kb1 Kf4 51. Ka2 Kg3 52. Rcxe2 Rxe2+ 53. Rxe2 Bd6 1/2-1/2

[Event "POR-ch Seniors"]
[Site "Lisbon"]
[Date "2007.03.27"]
[Round "3"]
[White "Vasques, Jose Claudio de Sou"]
[Black "Figueiredo, Renato Freire"]
[Result "1-0"]
[WhiteElo "1915"]
[BlackElo "1988"]
[PlyCount "137"]
[EventDate "2007.03.25"]
[EventType "swiss"]
[EventRounds "7"]
[EventCountry "POR"]
[SourceTitle "EXT 2018"]
[Source "ChessBase"]
[SourceDate "2017.10.13"]
[SourceVersion "1"]
[SourceVersionDate "2017.10.13"]
[SourceQuality "1"]

1. Nf3 d5 2. e3 g6 3. c4 e6 4. Nc3 Bg7 5. d4 Ne7 6. cxd5 exd5 7. Be2 0-0 8. 0-0 Nd7 9. b3 Re8 10. Bb2 c6 11. Rc1 Nf5 12. Na4 Nd6 13. Bd3 Nf6 14. Ne5 Nfe4 15. Bxe4 Nxe4 16. Qe2 Qe7 17. Nd3 h5 18. Rfe1 Qg5 19. Rc2 Bf8 20. Bc1 Bd6 21. f3 Bf5 22. fxe4 Bxe4 23. Nac5 Qh4 24. g3 Bxg3 25. Nxe4 dxe4 26. hxg3 Qxg3+ 27. Qg2 Qxg2+ 28. Rxg2 exd3 29. Rd1 Rad8 30. Rxd3 Re4 31. Rf2 f5 32. Rd1 Rd5 33. Rf4 Re6 34. Rdf1 Kg7 35. R4f3 Kf6 36. Bb2 g5 37. Kf2 g4 38. Rf4 Kg6 39. Re1 Kg5 40. e4 fxe4 41. Rexe4 Red6 42. Bc1 Kg6 43. Ba3 Rd7 44. Ke3 Ra5 45. Re6+ Kg7 46. Bf8+ Kh8 47. Bh6 Rad5 48. Bf8 Rg5 49. Be7 Rg8 50. Rf7 Re8 51. Rf8+ Rxf8 52. Bxf8 Rf7 53. Rh6+ Kg8 54. Bd6 Rf5 55. Ke4 Ra5 56. a4 Kg7 57. Re6 b5 58. axb5 Rxb5 59. b4 a5 60. bxa5 Rxa5 61. Be5+ Kh7 62. Rxc6 Ra3 63. Rc7+ Kh6 64. Rg7 Ra2 65. Rg8 Re2+ 66. Kf5 Rf2+ 67. Bf4+ Kh7 68. Rg5 Kh6 69. Rxg4+ 1-0

[Event "Lisbon-ch Seniors"]
[Site "Lisbon"]
[Date "2006.02.28"]
[Round "7"]
[White "Santos, Julio Fernandes"]
[Black "Vasques, Jose Claudio de Sou"]
[Result "1-0"]
[WhiteElo "2097"]
[BlackElo "1866"]
[PlyCount "85"]
[EventDate "2006.02.20"]
[EventType "swiss"]
[EventRounds "7"]
[EventCountry "POR"]
[SourceTitle "EXT 2008"]
[Source "ChessBase"]
[SourceDate "2007.11.25"]
[SourceVersion "1"]
[SourceVersionDate "2007.11.25"]
[SourceQuality "1"]

1. e4 c5 2. Nf3 g6 3. d4 cxd4 4. Nxd4 Bg7 5. Be3 Nf6 6. f3 Nc6 7. Nc3 a6 8. Qd2 0-0 9. a4 d5 10. exd5 Nxd5 11. Nxc6 bxc6 12. Bd4 Nxc3 13. Bxg7 Qxd2+ 14. Kxd2 Ne4+ 15. fxe4 Kxg7 16. a5 Rd8+ 17. Kc3 Bb7 18. Bd3 c5 19. Ra4 Rd7 20. g3 f5 21. Re1 fxe4 22. Bxe4 Bxe4 23. Raxe4 Raa7 24. Re5 Rdc7 25. Kc4 Kf7 26. Re6 Rd7 27. R1e2 Rd6 28. Rxd6 exd6 29. Kd5 Rb7 30. b3 Rb5 31. Kxd6 Rxa5 32. Re5 Ra1 33. Rxc5 Rd1+ 34. Kc6 Rd2 35. h4 Rg2 36. Rc3 Rg1 37. Kb6 Ra1 38. Rc7+ Kf6 39. Rxh7 Rg1 40. Kxa6 Rxg3 41. Rc7 Rg4 42. Rc4 Kf5 43. Kb5 1-0

[Event "Lisbon-ch Seniors"]
[Site "Lisbon"]
[Date "2006.02.26"]
[Round "5"]
[White "Vasques, Jose Claudio de Sou"]
[Black "Dias, Augusto Martins"]
[Result "1-0"]
[WhiteElo "1866"]
[BlackElo "1862"]
[PlyCount "153"]
[EventDate "2006.02.20"]
[EventType "swiss"]
[EventRounds "7"]
[EventCountry "POR"]
[SourceTitle "EXT 2008"]
[Source "ChessBase"]
[SourceDate "2007.11.25"]
[SourceVersion "1"]
[SourceVersionDate "2007.11.25"]
[SourceQuality "1"]

1. e4 c5 2. Nc3 Nc6 3. f4 g6 4. Nf3 Bg7 5. Bc4 e6 6. 0-0 Nge7 7. e5 a6 8. Ne4 0-0 9. c3 b5 10. Bb3 c4 11. Bc2 Nd5 12. d4 Bh6 13. Nfg5 f6 14. exf6 Nxf6 15. Nxf6+ Rxf6 16. Qg4 Ne7 17. Ne4 Rf8 18. Nd6 Nf5 19. Qh3 Bg7 20. Bxf5 exf5 21. Re1 Qf6 22. Qf3 Rb8 23. Qd5+ Kh8 24. Bd2 Rb6 25. Nxc8 Rxc8 26. Qxd7 Qc6 27. Qxc6 Rbxc6 28. Re2 Kg8 29. Rae1 Bf6 30. Re6 Kf7 31. R6e2 Bh4 32. g3 Bf6 33. Kg2 Rd6 34. Kf3 h5 35. h3 b4 36. Rb1 Rb6 37. cxb4 Bxd4 38. Bc3 Bf6 39. Bxf6 Kxf6 40. a3 Rbc6 41. Re3 c3 42. bxc3 Rxc3 43. Rbe1 R8c6 44. Rxc3 Rxc3+ 45. Re3 Rc1 46. Rb3 Ra1 47. Rc3 Kg7 48. h4 Kf7 49. Ke3 Ke7 50. Kd4 Kd6 51. Kc4 Kc6 52. Kb3+ Kd6 53. Ka4 Kd5 54. Ka5 Kd4 55. Rf3 Kc4 56. Kxa6 Re1 57. b5 Re8 58. b6 Ra8+ 59. Kb7 Ra5 60. Re3 Kd4 61. Re6 Rxa3 62. Rxg6 Ke4 63. Kc7 Rc3+ 64. Kb8 Rb3 65. b7 Rc3 66. Rg7 Kf3 67. Rc7 Rb3 68. Rg7 Kg2 69. Kc8 Rc3+ 70. Kd7 Rb3 71. Ke6 Rb5 72. Kf6 Kf3 73. Rg5 Rxb7 74. Kxf5 Rb5+ 75. Kg6 Rxg5+ 76. Kxg5 Kxg3 77. f5 1-0

[Event "Lisbon-ch Seniors"]
[Site "Lisbon"]
[Date "2006.02.24"]
[Round "3"]
[White "Vasques, Jose Claudio de Sou"]
[Black "Tarira, Walter Antonio"]
[Result "1-0"]
[WhiteElo "1866"]
[BlackElo "1782"]
[PlyCount "45"]
[EventDate "2006.02.20"]
[EventType "swiss"]
[EventRounds "7"]
[EventCountry "POR"]
[SourceTitle "EXT 2008"]
[Source "ChessBase"]
[SourceDate "2007.11.25"]
[SourceVersion "1"]
[SourceVersionDate "2007.11.25"]
[SourceQuality "1"]

1. Nf3 g6 2. d4 Bg7 3. Nbd2 e6 4. e4 Ne7 5. Bd3 d6 6. c3 Nd7 7. 0-0 b6 8. Nc4 Bb7 9. Be3 0-0 10. Qd2 Nf6 11. e5 Ng4 12. exd6 cxd6 13. Bf4 Bxf3 14. gxf3 e5 15. fxg4 exf4 16. Qxf4 Nd5 17. Qxd6 Qg5 18. Qg3 Nf4 19. h4 Qf6 20. g5 Nh5 21. gxf6 Nxg3 22. fxg7 Nxf1 23. gxf8Q+ 1-0

[Event "POR-chC"]
[Site "Vila Real"]
[Date "2005.08.11"]
[Round "9"]
[White "Barbosa, Fabio Emanuel Olive"]
[Black "Vasques, Jose Claudio de Sou"]
[Result "1-0"]
[WhiteElo "2014"]
[BlackElo "1886"]
[PlyCount "132"]
[EventDate "2005.08.03"]
[EventType "swiss"]
[EventRounds "9"]
[EventCountry "POR"]
[SourceTitle "CBM 107 Extra"]
[Source "ChessBase"]
[SourceDate "2005.09.01"]
[SourceVersion "1"]
[SourceVersionDate "2005.09.01"]
[SourceQuality "1"]

1. e4 Nf6 2. e5 Nd5 3. Nf3 d6 4. d4 Nc6 5. exd6 exd6 6. c3 Be7 7. h3 Bf6 8. Be2 0-0 9. 0-0 Re8 10. Na3 a6 11. Bd2 b5 12. Nc2 Bb7 13. Bd3 Nb6 14. Ne3 g6 15. Ng4 h5 16. Nxf6+ Qxf6 17. Bg5 Qg7 18. Qc1 f6 19. Bh6 Qf7 20. Be3 Nd5 21. Bd2 Nb6 22. b3 Ne7 23. Nh4 g5 24. Nf3 Kh8 25. c4 bxc4 26. bxc4 Ng6 27. d5 Bc8 28. Qc3 Ne5 29. Nxe5 dxe5 30. Rfe1 Bd7 31. Bf1 Qg7 32. Qg3 h4 33. Qh2 f5 34. Rab1 f4 35. Bc3 Na4 36. Ba1 Nc5 37. Rbd1 Bf5 38. d6 cxd6 39. Rxd6 Ne4 40. Rd5 Qa7 41. c5 Rad8 42. Rxe5 Rxe5 43. Bxe5+ Kh7 44. Bxf4 Qxc5 45. Be3 Qc3 46. Rc1 Qa5 47. Qc7+ Qxc7 48. Rxc7+ Kg6 49. Bxa6 Rd1+ 50. Kh2 Nf6 51. Be2 Re1 52. Bc4 Be4 53. Bf7+ Kh6 54. Rc1 Rxc1 55. Bxc1 Kg7 56. Be6 Kg6 57. a4 Bc6 58. a5 Bb5 59. Bc8 Ne4 60. Ba3 Nxf2 61. Bb7 g4 62. a6 Bxa6 63. Bxa6 gxh3 64. gxh3 Kg5 65. Be7+ Kh5 66. Kg2 Nd3 1-0